000 00643nam a2200241Ia 4500
003 OSt
005 20221007103546.0
006 a|||||r|||| 00| 0
007 ta
008 221006b |||||||| |||| 00| 0 eng d
024 _a13,475
037 _cTextual
040 _aLCO
_cLCO
_beng
041 _2eng
_aeng
082 _aZ73,5, L4
100 _aFogelson Robert M.
_9705223
245 0 _aCriminal Justice in America
260 _aNew
_bYork Arno Press U.S.A.
_c1974
300 _a739
650 _aCriminal Justice in America
_9695221
942 _hZ73,5, L4
_cTEXL
999 _c1183038
_d1183038